| 000 | 00643nam a2200265Ia 4500 | ||
|---|---|---|---|
| 003 | OSt | ||
| 005 | 20220912151135.0 | ||
| 006 | a|||||r|||| 00| 0 | ||
| 007 | ta | ||
| 008 | 220909b |||||||| |||| 00| 0 eng d | ||
| 024 | _a56761 | ||
| 037 | _cTextual | ||
| 040 |
_aCSL _beng _cCSL |
||
| 041 | _aeng | ||
| 082 | _aJ37, K9 | ||
| 100 | _aDuggan J B | ||
| 245 | 0 | _aFruit crops | |
| 260 |
_aLondon _bMacdonald _c1969 |
||
| 300 |
_aviii, 94p. _ccm. |
||
| 490 | _aMacdonald horticultural series | ||
| 650 | _a Fruit | ||
| 650 | _aAgriculture | ||
| 942 |
_hJ37, K9 _cTEXL _2CC |
||
| 999 |
_c62160 _d62160 |
||